000
00319nam a2200133Ia 4500
005
20251222140057.0
008
251222s1900||||xx |||||||||||||| ||spa||
020
_a
844930167X
082
_a
146.4/P77
100
_a
Popper, Karl R.
245
0
_a
La Responsabilidad de Vivir:
264
_b
Paidós Ibérica
942
_c
LIB
999
_c
3812
_d
3812